[Event "September Mornings"]
[Site "SchemingMind.com"]
[Date "2023.09.26"]
[Round "-"]
[White "maro"]
[Black "cnile"]
[Result "1-0"]
[WhiteCountry "MEX"]
[BlackCountry "SCO"]
[WhiteElo "1545"]
[WhiteRD "71"]
[BlackElo "1349"]
[BlackRD "57"]
[GameID "737508"]

1. d4 d5 2. c4 e6 3. cxd5 exd5 4. Bf4 Nf6 5. a3 c6 6. Nc3 Bf5 7. e3 Be7 8. Bd3 Qd7 9. Nf3 Bg4 10. h3 Be6
11. Ng5 h6 12. Nf3 a6 13. Rc1 Ng8 14. e4 dxe4 15. Ne5 Qd8 16. Bxe4 Nf6 17. O-O Nbd7 18. d5 cxd5 19. Nxd5 Nxe4 20. Re1 O-O
21. Rxe4 Nxe5 22. Rxe5 Bf6 23. Nxf6+ Qxf6 24. Bh2 Rfd8 25. Qa4 b5 26. Qb4 Rd2 27. Qxd2 Qg6 28. Rc6 Rb8 29. Rexe6 Qb1+ 30. Re1 Qf5
31. Bxb8
1-0

[Event "September Mornings"]
[Site "SchemingMind.com"]
[Date "2023.09.26"]
[Round "-"]
[White "cnile"]
[Black "maro"]
[Result "0-1"]
[WhiteCountry "SCO"]
[BlackCountry "MEX"]
[WhiteElo "1349"]
[WhiteRD "57"]
[BlackElo "1545"]
[BlackRD "71"]
[GameID "737509"]

1. d4 c5 2. d5 Nf6 3. c4 e6 4. Nc3 exd5 5. cxd5 d6 6. e4 Qa5 7. Be2 Nxe4 8. Qa4+ Qxa4 9. Nxa4 Bd7 10. Nc3 Nxc3
11. bxc3 Ba4 12. c4 Nd7 13. Bb2 Be7 14. Nh3 O-O-O 15. Bxg7 Rhg8 16. Bc3 Rxg2 17. Nf4 Rgg8 18. h3 Bg5 19. Nd3 Bc2 20. h4 Bh6
21. a4 Rde8 22. Rh3 Rg1#
0-1

[Event "September Mornings"]
[Site "SchemingMind.com"]
[Date "2023.10.25"]
[Round "-"]
[White "James Reed"]
[Black "ray winteringham"]
[Result "0-1"]
[WhiteCountry "ENG"]
[BlackCountry "ENG"]
[WhiteElo "1279"]
[WhiteRD "96"]
[BlackElo "1404"]
[BlackRD "48"]
[GameID "738493"]

1. e4 e5 2. Nf3 d6 3. Bc4 h6 4. h3 Nf6 5. Nc3 Be7 6. a3 a6 7. O-O Bd7 8. d3 O-O 9. Re1 b5 10. Bb3 c5
11. Be3 Nc6 12. Nd5 c4 13. Nxe7+ Qxe7 14. Ba2 cxd3 15. Qxd3 Nd8 16. c3 Bc6 17. Nd2 Nb7 18. b4 Rad8 19. Bb6 Rd7 20. Nb3 d5
21. Nc5 dxe4 22. Qe3 Nd5 23. Bxd5 Bxd5 24. Nxd7 Qxd7 25. Rad1 Qe6 26. Bc5 Rd8 27. Bb6 Rc8 28. Re2 Rc6 29. Red2 Rd6 30. Bc7 Rd7
31. Bb6 f5 32. Qe2 Bc4 33. Qe3 f4 34. Qxe4 Rxd2 35. Rxd2 Qxb6 36. Qxe5 Qc6 37. Qxf4 Bd5 38. Qf5 Be6 39. Qg6 Bd5 40. Qxc6 Bxc6
41. Rd7 Bxd7
0-1

[Event "September Mornings"]
[Site "SchemingMind.com"]
[Date "2023.10.25"]
[Round "-"]
[White "ray winteringham"]
[Black "James Reed"]
[Result "1-0"]
[WhiteCountry "ENG"]
[BlackCountry "ENG"]
[WhiteElo "1404"]
[WhiteRD "48"]
[BlackElo "1279"]
[BlackRD "96"]
[GameID "738494"]

1. g3 e5 2. e4 Nf6 3. Bg2 Nc6 4. d3 h6 5. Be3 Be7 6. Ne2 O-O 7. O-O b6 8. Nbc3 a6 9. a3 Re8 10. f4 d6
11. f5 Bb7 12. h3 Qd7 13. Bf3 Nd4 14. Nxd4 exd4 15. Bxd4 d5 16. e5 Nh7 17. Bg4 Bc5 18. Bxc5 bxc5 19. f6 Qd8 20. fxg7 Ng5
21. h4 Ne6 22. Ne2 Nxg7 23. Nf4 d4 24. Nh5 Qd5 25. Nf6+ Kf8 26. Nxd5 Bxd5 27. Bf3 Bxf3 28. Qxf3 Re7 29. Qxa8+ Re8 30. Qd5 Re7
31. Qxc5 Ne6 32. Rxf7+ Kxf7 33. Rf1+ Ke8 34. Qc6+ Kd8 35. Rf6 Ng7 36. Rxh6 Rxe5 37. Qf6+ Re7 38. Rh7
1-0

[Event "September Mornings"]
[Site "SchemingMind.com"]
[Date "2023.11.09"]
[Round "-"]
[White "roscoe"]
[Black "Phillip Beckett"]
[Result "0-1"]
[WhiteCountry "USA"]
[BlackCountry "ENG"]
[WhiteElo "1221"]
[WhiteRD "101"]
[BlackElo "1509"]
[BlackRD "51"]
[GameID "738930"]

1. d4 e5 2. c4 exd4 3. Qxd4 Nc6 4. Qe3+ Qe7 5. Qxe7+ Bxe7 6. a3 d6 7. e4 Bf6 8. Nf3 Nge7 9. Bd3 O-O 10. O-O Ne5
11. Nxe5 Bxe5 12. Nd2 Be6 13. Nf3 Ng6 14. Ng5 h6 15. Nxe6 fxe6 16. Rb1 Nf4 17. Bxf4 Rxf4 18. g3 Rf3 19. Be2 Rf7 20. b4 Raf8
21. c5 Bd4 22. Kg2 Rxf2+ 23. Rxf2 Rxf2+ 24. Kh3 Rxe2 25. cxd6 cxd6 26. Rc1 Rxe4
0-1

[Event "September Mornings"]
[Site "SchemingMind.com"]
[Date "2023.11.09"]
[Round "-"]
[White "Phillip Beckett"]
[Black "roscoe"]
[Result "0-1"]
[WhiteCountry "ENG"]
[BlackCountry "USA"]
[WhiteElo "1509"]
[WhiteRD "51"]
[BlackElo "1221"]
[BlackRD "101"]
[GameID "738931"]

1. e4 d6 2. d4 Nc6 3. Nf3 Bg4 4. d5 Ne5 5. Be2 Nf6 6. Nxe5 dxe5 7. h3 Bh5 8. Bxh5 g6 9. Bf3 Bg7 10. c4 O-O
11. O-O c6 12. Nc3 cxd5 13. cxd5 Rc8 14. Bg5 h6 15. Be3 Qd6 16. Rc1 a6 17. Qd2 h5 18. a3 b5 19. Bh6 Kh7 20. Bxg7 Kxg7
21. Na2 Qb6 22. Rxc8 Rxc8 23. Rc1 Rc4 24. Nb4 Nxe4 25. Bxe4 Rxe4 26. Rc6 Qb7 27. f3 Rd4 28. Qe2 f6 29. Rxa6 Qc8 30. Qxb5 Qc1+
31. Kh2 Qf4+ 32. Kg1 Rd1+ 33. Kf2 Rd2+ 34. Kf1 Qe3 35. Qb6 Qe2+ 36. Kg1 Qxg2#
0-1

[Event "September Mornings"]
[Site "SchemingMind.com"]
[Date "2023.11.20"]
[Round "-"]
[White "malcolm chugg"]
[Black "Chesswitchery"]
[Result "0-1"]
[WhiteCountry "WLS"]
[BlackCountry "USA"]
[WhiteElo "1151"]
[WhiteRD "49"]
[BlackElo "1666"]
[BlackRD "79"]
[GameID "739290"]

1. e3 e5 2. Nf3 e4 3. Nd4 c5 4. Ne2 Nf6 5. d4 d5 6. Nbc3 Nc6 7. a3 Bg4 8. h3 Bxe2 9. Bxe2 cxd4 10. exd4 Be7
11. Bb5 O-O 12. Bf4 Bd6 13. Be3 a6 14. Be2 h6 15. g4 Qc7 16. Qd2 Nh7 17. Nxd5 Qd8 18. Nb4 Be7 19. f4 Bh4+ 20. Bf2 Bxf2+
21. Kxf2 Nxd4 22. Rad1 Qh4+ 23. Kf1 Nxe2 24. Qxe2 Rfe8 25. Rd4 Nf6 26. Qf2 Qxf2+ 27. Kxf2 a5 28. Na2 e3+ 29. Ke2 b5 30. Rhd1 Rac8
31. c3 g6 32. Rd6 Kg7 33. R1d3 Rc4 34. Rxe3 Rxe3+ 35. Kxe3 Re4+ 36. Kf3 Re1 37. Rd2 Rf1+ 38. Kg3 Ne4+ 39. Kh4 Nxd2
0-1

[Event "September Mornings"]
[Site "SchemingMind.com"]
[Date "2023.11.18"]
[Round "-"]
[White "Chesswitchery"]
[Black "malcolm chugg"]
[Result "1-0"]
[WhiteCountry "USA"]
[BlackCountry "WLS"]
[WhiteElo "1666"]
[WhiteRD "79"]
[BlackElo "1151"]
[BlackRD "49"]
[GameID "739291"]

1. d4 d5 2. c4 e6 3. Nf3 Be7 4. Nc3 c6 5. e3 Bd7 6. cxd5 exd5 7. Bd3 Bg4 8. O-O Qd7 9. Bd2 Qe6 10. h3 Bf5
11. Bxf5 Qxf5 12. Re1 Nf6 13. Qe2 O-O 14. e4 Qe6 15. Ng5 Qd7 16. e5 Ne8 17. e6 fxe6 18. Qxe6+ Qxe6 19. Rxe6 Bd6 20. Rae1 Nd7
21. Nf3 Nef6 22. Rxd6 Rad8 23. Bg5 h6 24. Bxf6 Nxf6 25. Rxd8 Rxd8 26. g4 b5 27. b4 Nd7 28. a4 a6 29. a5 Nb8 30. Ne5 Kh7
31. f4 Nd7 32. Nxd7 Rxd7 33. f5 Rc7 34. Ne2 Re7 35. Kf2 Re4 36. Kf3 Kg8 37. h4 h5 38. Rg1 Kf7 39. gxh5 Rxh4 40. Rg6 Rxh5
41. Kf4 Rh2 42. Ng3 c5 43. dxc5 d4 44. Rxa6 d3 45. Ne4 d2 46. Ra7+ Kg8 47. Nxd2 Rxd2 48. Ke5 Rb2 49. c6 Rxb4 50. c7 Rc4
51. Ra8+ Kh7 52. c8=Q Rxc8 53. Rxc8 b4 54. a6 b3 55. a7 b2 56. a8=Q b1=Q 57. Rh8#
1-0

[Event "September Mornings"]
[Site "SchemingMind.com"]
[Date "2023.12.04"]
[Round "-"]
[White "BenjaminMajor"]
[Black "wight knight"]
[Result "1-0"]
[WhiteCountry "SCO"]
[BlackCountry "ENG"]
[WhiteElo "1565"]
[WhiteRD "214"]
[BlackElo "1269"]
[BlackRD "54"]
[GameID "739865"]

1. e4 e5 2. Nf3 f6 3. d4 h5 4. dxe5 b6 5. Bd3 Ba6 6. Bxa6 Nxa6 7. Nc3 g5 8. exf6 Nxf6 9. Bxg5 Bg7 10. O-O Bh6
11. Bxf6 Qxf6 12. Qd5 c6 13. Qxh5+ Qf7 14. Qe5+
1-0

[Event "September Mornings"]
[Site "SchemingMind.com"]
[Date "2023.12.05"]
[Round "-"]
[White "wight knight"]
[Black "BenjaminMajor"]
[Result "0-1"]
[WhiteCountry "ENG"]
[BlackCountry "SCO"]
[WhiteElo "1269"]
[WhiteRD "54"]
[BlackElo "1565"]
[BlackRD "214"]
[GameID "739866"]

1. e4 e5 2. Bc4 Nf6 3. f3 d5 4. exd5 Nxd5 5. Bxd5 Qxd5 6. d3 Nc6 7. c4 Qd8 8. h4 Bf5 9. Ne2 Bxd3 10. b3 Nb4
11. Kd2 Bc2+ 12. Nd4 Bxd1 13. Rxd1 Qxd4+
0-1

[Event "September Mornings"]
[Site "SchemingMind.com"]
[Date "2023.12.13"]
[Round "-"]
[White "Chessibelle"]
[Black "Arnold Jones"]
[Result "0-1"]
[WhiteCountry "ENG"]
[BlackCountry "ENG"]
[WhiteElo "1087"]
[WhiteRD "54"]
[BlackElo "1570"]
[BlackRD "69"]
[GameID "740097"]

1. Nf3 d5 2. d4 Nc6 3. e3 Nf6 4. h3 Ne4 5. b3 e6 6. Be2 Bb4+ 7. Nfd2 Qf6 8. Bf3 Bc3 9. O-O Nxd2 10. Nxd2 Bxa1
11. g4 Bc3 12. Be2 Bxd2 13. Qxd2 O-O 14. f4 Qh4 15. Kh2 f5 16. g5 Nd8 17. Rg1 e5 18. dxe5 Be6 19. Bb2 Kh8 20. Ba3 Rg8
21. Qd4 b6 22. c4 c5 23. Qd1 Qf2+ 24. Kh1 d4 25. Bc1 dxe3 26. Rf1 Qh4 27. Kh2 Nb7 28. Bxe3 Rad8 29. Qa1 Rd7 30. Bf2 Qxf4+
31. Kg1 Qxg5+ 32. Kh2 Qe7 33. Bg3 g5 34. a3 f4 35. Be1 Qg7 36. Bc3 Qh6 37. Rf3 g4 38. Rd3 g3+ 39. Kg2 Rxd3 40. Bxd3 Qxh3+
41. Kf3 g2+ 42. Ke2 Qe3+
0-1

[Event "September Mornings"]
[Site "SchemingMind.com"]
[Date "2023.12.13"]
[Round "-"]
[White "Arnold Jones"]
[Black "Chessibelle"]
[Result "1-0"]
[WhiteCountry "ENG"]
[BlackCountry "ENG"]
[WhiteElo "1570"]
[WhiteRD "69"]
[BlackElo "1087"]
[BlackRD "54"]
[GameID "740098"]

1. d4 d5 2. g3 e6 3. Bg2 Nf6 4. Nf3 h6 5. O-O Be7 6. Nc3 a6 7. Re1 Nc6 8. a3 O-O 9. b3 Na7 10. e4 c6
11. e5 Nh7 12. Ne2 f6 13. exf6 Bxf6 14. Nf4 Re8 15. Ng6 b5 16. Nfe5 Qd6 17. Bf4 Rb8 18. Nc4 e5 19. Nxd6
1-0

[Event "September Mornings"]
[Site "SchemingMind.com"]
[Date "2023.12.13"]
[Round "-"]
[White "Allan Sedstrem"]
[Black "roscoe"]
[Result "1-0"]
[WhiteCountry "SCO"]
[BlackCountry "USA"]
[WhiteElo "1545"]
[WhiteRD "65"]
[BlackElo "1202"]
[BlackRD "102"]
[GameID "740127"]

1. d4 d5 2. c4 dxc4 3. e3 b5 4. Qf3 c6 5. Nc3 Nf6 6. h3 Nbd7 7. Nxb5 Ba6 8. Bxc4 e6 9. Qxc6 Bb4+ 10. Bd2 Bxd2+
11. Kxd2 O-O 12. Qxa6 Nb6 13. Be2 Ne4+ 14. Ke1 g6 15. Bf3 f5 16. Ne2 Nd5 17. Qxe6+ Kg7 18. Bxe4 Rc8 19. Bxd5 Qa5+ 20. Nbc3
1-0

[Event "September Mornings"]
[Site "SchemingMind.com"]
[Date "2023.12.13"]
[Round "-"]
[White "roscoe"]
[Black "Allan Sedstrem"]
[Result "1-0"]
[WhiteCountry "USA"]
[BlackCountry "SCO"]
[WhiteElo "1251"]
[WhiteRD "105"]
[BlackElo "1551"]
[BlackRD "65"]
[GameID "740128"]

1. d4 d5 2. c4 b6 3. a4 Bb7 4. Nf3 dxc4 5. Nc3 h6 6. e4 e6 7. Bxc4 Bb4 8. O-O Bxc3 9. bxc3 Bxe4 10. Re1 Bb7
11. h3 Nf6 12. Ba3 Nc6 13. Rb1 Na5 14. Bb5+ c6 15. Bd3 Nd5 16. Qd2 Qc7 17. c4 Ne7 18. d5 cxd5 19. c5 bxc5 20. Bb5+ Bc6
21. Rec1 c4 22. Bxc6+ Nexc6 23. Nd4 Nxd4 24. Qxd4 f6 25. Rc3 Nb3 26. Rbxb3 Qa5 27. Qe3 e5 28. Qc5 Qxc5 29. Bxc5 cxb3 30. Rxb3 a5
31. Rb7 g5 32. Ba3 Kd8 33. Be7+ Kc8 34. Rb5 f5 35. Bf6 e4 36. Bxh8 Rb8 37. Rxd5 f4 38. Rxa5 Kd7 39. Ra7+ Ke6 40. Ra6+ Kd5
41. Rxh6 Rg8 42. Bb2 Re8 43. Rg6 e3 44. Rxg5+ Re5 45. Rxe5+
1-0

[Event "September Mornings"]
[Site "SchemingMind.com"]
[Date "2023.12.16"]
[Round "-"]
[White "maro"]
[Black "ray winteringham"]
[Result "1-0"]
[WhiteCountry "MEX"]
[BlackCountry "ENG"]
[WhiteElo "1545"]
[WhiteRD "71"]
[BlackElo "1441"]
[BlackRD "45"]
[GameID "740291"]

1. e4 e5 2. d4 exd4 3. Nf3 Bc5 4. Nxd4 Bxd4 5. Qxd4 Qf6 6. e5 Qe7 7. Bc4 Nc6 8. Qf4 d6 9. O-O Be6 10. exd6 cxd6
11. Re1 O-O-O 12. Nc3 Ne5 13. Bxe6+ Qxe6 14. Bd2 Qd7 15. a4 f6 16. Nb5 Kb8 17. Qd4 b6 18. c4 Nc6 19. Qc3 Nge7 20. Bf4 g5
21. Bxd6+ Kb7 22. Rad1 Qc8 23. Bxe7 Nxe7 24. Rxe7+ Kb8 25. Qg3+ Qc7 26. Qxc7+
1-0

[Event "September Mornings"]
[Site "SchemingMind.com"]
[Date "2023.12.16"]
[Round "-"]
[White "ray winteringham"]
[Black "maro"]
[Result "0-1"]
[WhiteCountry "ENG"]
[BlackCountry "MEX"]
[WhiteElo "1441"]
[WhiteRD "45"]
[BlackElo "1545"]
[BlackRD "71"]
[GameID "740292"]

1. g3 d5 2. d4 e5 3. dxe5 Nc6 4. Bg2 Nxe5 5. e4 Nf6 6. exd5 Bc5 7. Ne2 Bxf2+ 8. Kxf2 Nfg4+ 9. Kg1 Qf6 10. Qf1 Qb6+
0-1

[Event "September Mornings"]
[Site "SchemingMind.com"]
[Date "2023.12.26"]
[Round "-"]
[White "Chesswitchery"]
[Black "BenjaminMajor"]
[Result "1-0"]
[WhiteCountry "USA"]
[BlackCountry "SCO"]
[WhiteElo "1570"]
[WhiteRD "59"]
[BlackElo "1357"]
[BlackRD "152"]
[GameID "740502"]

1. d4 Nf6 2. c4 g6 3. Nf3 Bg7 4. Nc3 O-O 5. e4 d6 6. Be2 Nbd7 7. O-O e5 8. dxe5 dxe5 9. Nd5 Nxd5 10. cxd5 Re8
11. Be3 Nf6 12. Bg5 Qd6 13. Bxf6 Qxf6 14. Qa4 Rd8 15. Rfe1 Bd7 16. Qb3 Rab8 17. Qc3 Re8 18. Qxc7 Red8 19. Rac1 Qe7 20. d6 Qe8
21. Qc5 b6 22. Qd5 Qe6 23. Red1 Qxd5 24. Rxd5 Re8 25. b3 Kh8 26. Rc7
1-0

[Event "September Mornings"]
[Site "SchemingMind.com"]
[Date "2023.12.26"]
[Round "-"]
[White "BenjaminMajor"]
[Black "Chesswitchery"]
[Result "0-1"]
[WhiteCountry "SCO"]
[BlackCountry "USA"]
[WhiteElo "1330"]
[WhiteRD "146"]
[BlackElo "1593"]
[BlackRD "63"]
[GameID "740503"]

1. e4 d5 2. exd5 Nf6 3. c4 e6 4. Nc3 exd5 5. d4 c6 6. Nf3 Bb4 7. Bd2 Bxc3 8. Bxc3 O-O 9. Be2 dxc4 10. O-O Be6
11. Qc2 Nbd7 12. Rad1 Re8 13. Rfe1 b5 14. Ne5 Bd5 15. Bf3 Bxf3 16. Nxf3 Rxe1+ 17. Rxe1 a5 18. a4 Nd5 19. Bd2 N7f6 20. Ne5 Qc7
21. Rc1 h6 22. h3 Nb6 23. b3 cxb3 24. Qxb3 bxa4 25. Qf3 Qd6 26. Nxc6 a3 27. Nxa5 Qd5 28. Qc3 Ne4 29. Qb4 Nxd2 30. Qxd2 Qxa5
0-1

[Event "September Mornings"]
[Site "SchemingMind.com"]
[Date "2024.02.20"]
[Round "-"]
[White "Allan Sedstrem"]
[Black "Arnold Jones"]
[Result "0-1"]
[WhiteCountry "SCO"]
[BlackCountry "ENG"]
[WhiteElo "1528"]
[WhiteRD "62"]
[BlackElo "1535"]
[BlackRD "68"]
[GameID "742448"]

1. d4 Nf6 2. c4 e6 3. a3 Be7 4. Nc3 d5 5. e3 O-O 6. Bd3 c5 7. Nf3 dxc4 8. Bxc4 cxd4 9. Ne2 dxe3 10. Bxe3 Qxd1+
11. Rxd1 Rd8 12. O-O Rxd1 13. Rxd1 Bd7 14. Ne5 Be8 15. h3 b5 16. Bd3 Nd5 17. Nc3 Nxe3 18. fxe3 a6 19. Be4 Ra7 20. b4 f6
21. Nd3 f5 22. Bf3 Bf6 23. Nf4 Bxc3 24. Nxe6 Nd7 25. Rc1 Bb2 26. Rc8 Nf6 27. g4 fxg4 28. Bxg4 Bxa3 29. e4 Nxg4 30. hxg4 Kf7
31. Ng5+ Kg6 32. Nf3 Bd7 33. Ne5+ Kf6 34. Nxd7+ Rxd7 35. Rc6+ Kg5 36. Rxa6 Bxb4 37. Kf2 Kxg4 38. e5 Kf5 39. Rb6 Bc5+ 40. Ke2 Bxb6
0-1

[Event "September Mornings"]
[Site "SchemingMind.com"]
[Date "2024.02.20"]
[Round "-"]
[White "Arnold Jones"]
[Black "Allan Sedstrem"]
[Result "1-0"]
[WhiteCountry "ENG"]
[BlackCountry "SCO"]
[WhiteElo "1535"]
[WhiteRD "68"]
[BlackElo "1528"]
[BlackRD "62"]
[GameID "742449"]

1. d4 d5 2. Nf3 g6 3. Nc3 Bg7 4. g3 Nf6 5. Bg2 O-O 6. O-O c6 7. Bf4 Nh5 8. Bxb8 Rxb8 9. Nd2 Bxd4 10. Ndb1 e5
11. e3 Bc5 12. Bf3 Ng7 13. Na4 Bd6 14. b3 e4 15. Bg2 b5 16. Nb2 Be5 17. c3 b4 18. Qc2 Qf6 19. Na4 a5 20. f4 Bd6
21. Nd2 Ba6 22. c4 Rfc8 23. Bh3 dxc4 24. Bxc8 Rxc8 25. Nxe4 Qe6 26. Nxd6 Qxd6 27. bxc4 c5 28. Rad1 Qe6 29. Nb2 Nf5 30. e4 Nd4
31. Qd3 Rc6 32. Kg2 a4 33. Rc1 Rd6 34. Qe3 a3 35. Nd3 Bxc4 36. Nxc5 Bxf1+ 37. Kxf1 Qh3+ 38. Kg1 Nb5 39. Nd3 Nc3 40. Nf2 Nxa2
41. Nxh3
1-0

[Event "September Mornings"]
[Site "SchemingMind.com"]
[Date "2024.03.01"]
[Round "-"]
[White "Chesswitchery"]
[Black "maro"]
[Result "1-0"]
[WhiteCountry "USA"]
[BlackCountry "MEX"]
[WhiteElo "1584"]
[WhiteRD "65"]
[BlackElo "1421"]
[BlackRD "68"]
[GameID "742833"]

1. d4 d5 2. c4 dxc4 3. e3 Nf6 4. Bxc4 Bf5 5. Nf3 e6 6. O-O Be7 7. Qb3 Nc6 8. Qxb7 Rb8 9. Qxc6+ Nd7 10. Ne5 Rb6
11. Qxd7+ Qxd7 12. Nxd7 Kxd7 13. Nc3 Rd8 14. b3 Bb4 15. Na4 Rbb8 16. a3 Be7 17. Bb2 Bf6 18. Nc5+ Ke7 19. Rad1 Bc2 20. Rc1 Bg6
21. a4 a5 22. Ba3
1-0

[Event "September Mornings"]
[Site "SchemingMind.com"]
[Date "2024.03.02"]
[Round "-"]
[White "maro"]
[Black "Chesswitchery"]
[Result "0-1"]
[WhiteCountry "MEX"]
[BlackCountry "USA"]
[WhiteElo "1421"]
[WhiteRD "68"]
[BlackElo "1584"]
[BlackRD "65"]
[GameID "742834"]

1. e4 d5 2. exd5 Nf6 3. Nc3 Nxd5 4. Qf3 Nb4 5. Bd3 Nxd3+ 6. cxd3 Nc6 7. Nge2 Bf5 8. b3 Bxd3 9. Bb2 Bxe2 10. Nxe2 e6
11. Nf4 Bb4 12. O-O O-O 13. Qg4 g6 14. Nh5 Qxd2 15. Nf6+ Kg7 16. Ne4+ Qxb2 17. h4 f5 18. Qd1 fxe4
0-1

[Event "September Mornings"]
[Site "SchemingMind.com"]
[Date "2024.04.20"]
[Round "-"]
[White "Chesswitchery"]
[Black "Arnold Jones"]
[Result "1-0"]
[WhiteCountry "USA"]
[BlackCountry "ENG"]
[WhiteElo "1572"]
[WhiteRD "64"]
[BlackElo "1505"]
[BlackRD "63"]
[GameID "743956"]

1. d4 Nf6 2. c4 d5 3. Nf3 Bf5 4. cxd5 Nxd5 5. Nbd2 Nc6 6. e4 Nxd4 7. exf5 Nb4 8. Qa4+ Ndc6 9. Bb5 e6 10. a3 Nd3+
11. Bxd3 Qxd3 12. Ne5 Qd5 13. Nxc6 Qxc6 14. Qxc6+ bxc6 15. fxe6 fxe6 16. O-O O-O-O 17. Re1 Re8 18. Nc4 Bc5 19. b4 Bd4 20. Rb1 Rhf8
21. Be3 Bb6 22. Nxb6+ cxb6 23. Rbc1 Kb7 24. a4 Rf5 25. g4 Rd5 26. Red1 Red8 27. Rxd5 Rxd5 28. h3 g5 29. Kg2 h6 30. Kg3 a6
31. h4 Rd3 32. hxg5 hxg5 33. Rb1 e5 34. Kg2 Rxe3 35. fxe3 Kc7 36. e4 c5 37. Rc1 Kc6 38. Kf3 Kd6 39. bxc5+ bxc5 40. Rd1+ Kc6
41. Rd5 c4 42. Rxe5 c3 43. Ke2
1-0

[Event "September Mornings"]
[Site "SchemingMind.com"]
[Date "2024.04.19"]
[Round "-"]
[White "Arnold Jones"]
[Black "Chesswitchery"]
[Result "0-1"]
[WhiteCountry "ENG"]
[BlackCountry "USA"]
[WhiteElo "1505"]
[WhiteRD "63"]
[BlackElo "1572"]
[BlackRD "64"]
[GameID "743957"]

1. d4 d5 2. Nf3 e6 3. Bf4 c5 4. Nc3 Nc6 5. e4 cxd4 6. Nxd4 Bb4 7. Bb5 Bd7 8. Nxc6 Bxc6 9. Bxc6+ bxc6 10. O-O Bxc3
11. bxc3 Ne7 12. exd5 Nxd5 13. Qf3 O-O 14. Bd2 Qc7 15. c4 Nf6 16. Bc3 e5 17. Qe2 Rfe8 18. Rfe1 Nd7 19. Qg4 Nf6 20. Qg3 Nd7
21. Re2 f6 22. Rae1 c5 23. Bb2 Rab8 24. c3 Nb6 25. Qd3 Red8 26. Qe4 Na4 27. Ba1 Qd7 28. Qd5+ Qxd5 29. cxd5 Rxd5 30. f4 exf4
31. Rc2 Rbd8 32. Rcc1 Re5 33. Rxe5 fxe5 34. c4 e4 35. Rb1 Nb6 36. Rb5 Rd1+ 37. Kf2 Rxa1 38. Rxc5 Rxa2+ 39. Kf1 e3 40. Rf5 Rf2+
41. Kg1 Nxc4 42. h3 g6 43. Rg5 Nd2 44. Kh2 Nf3+
0-1